00711nam a22001575i 4500001000700000003000900007005001700016008004100033040002000074100002100094245008700115260006300202300002100265500008500286852018200371162086ES-MaACL20230906212426.0020124s1859 sp |||| | spa d aCAM bspa cCAM0 aPicón, José.13aEl solteron b: tipo cómico, en un acto y en verso / coriginal de José Picon. aMadrid : b[s.n.], c1859 (fImprenta de José Rodriguez) a33 p. ; c20 cm. aEn port.: Estrenado en el teatro del Principe, la noche del 15 de marzo de 1859. aES-MaACLjF-8632(1) z-- Enc. pasta española q-- Falto de la cub. originalz-- Enc. en un vol. facticio formando parte de la col. facticia "Teatro español moderno", vol. 87